[Event "Bremen Silvester op"]
[Site "Bremen"]
[Date "2019.12.28"]
[Round "4"]
[White "Zanner, Marcel"]
[Black "Riewe, Helmuth"]
[Result "1-0"]
[WhiteElo "1394"]
[BlackElo "1336"]
[PlyCount "65"]
[EventDate "2019.12.27"]
[EventType "swiss"]
[EventRounds "7"]
[EventCountry "GER"]
[SourceTitle "CBM 194 Extra"]
[Source "ChessBase"]
[SourceDate "2020.03.31"]
[SourceVersion "1"]
[SourceVersionDate "2020.03.31"]
[SourceQuality "1"]

1. d4 d5 2. c4 e6 3. Nc3 Nf6 4. cxd5 Nxd5 5. e4 Nxc3 6. bxc3 Be7 7. Nf3 0-0 8. Bd3 a6 9. a4 Nd7 10. 0-0 c5 11. Qe2 b6 12. Rd1 Qc7 13. e5 f6 14. exf6 Nxf6 15. Ng5 Qc6 16. Re1 Re8 17. Nxe6 Bd6 18. Bc4 Nd5 19. Qg4 Bxe6 20. Rxe6 Bxh2+ 21. Kxh2 Rxe6 22. Qf5 Rd8 23. Bg5 g6 24. Qf3 Rd7 25. Bxa6 Rf7 26. Qg3 Kg7 27. Bb5 Qd6 28. Qxd6 Rxd6 29. dxc5 bxc5 30. Bc4 Rxf2 31. a5 Nxc3 32. a6 Na2 33. a7 1-0

[Event "Bremen Silvester op"]
[Site "Bremen"]
[Date "2019.12.27"]
[Round "1"]
[White "Jung, Gerald"]
[Black "Riewe, Helmuth"]
[Result "1-0"]
[WhiteElo "1918"]
[BlackElo "1336"]
[PlyCount "37"]
[EventDate "2019.12.27"]
[EventType "swiss"]
[EventRounds "7"]
[EventCountry "GER"]
[SourceTitle "CBM 194 Extra"]
[Source "ChessBase"]
[SourceDate "2020.03.31"]
[SourceVersion "1"]
[SourceVersionDate "2020.03.31"]
[SourceQuality "1"]

1. e4 e5 2. f4 exf4 3. Nf3 d6 4. d4 Nf6 5. Nc3 Bg4 6. Bxf4 c6 7. h3 Bh5 8. g4 Bg6 9. Qe2 Qe7 10. Nd2 Na6 11. 0-0-0 0-0-0 12. h4 Re8 13. e5 dxe5 14. dxe5 Qb4 15. Qf3 Nc5 16. exf6 Be4 17. Ndxe4 Nxe4 18. Nxe4 Rxe4 19. Qd3 1-0

[Event "Bad Harzburg op 1st"]
[Site "Bad Harzburg"]
[Date "1999.11.27"]
[Round "6.19"]
[White "Riewe, Helmuth"]
[Black "Janzen, Christian"]
[Result "0-1"]
[WhiteElo "1238"]
[BlackElo "1694"]
[PlyCount "108"]
[EventDate "1999.11.24"]
[EventType "swiss"]
[EventRounds "7"]
[EventCountry "GER"]
[SourceTitle "EXT 2023"]
[Source "ChessBase"]
[SourceDate "2022.10.05"]
[SourceVersion "1"]
[SourceVersionDate "2022.10.05"]
[SourceQuality "1"]

1. d4 d5 2. e3 Bf5 3. Bd3 Bg6 4. Bxg6 hxg6 5. h3 Qd6 6. Bd2 Nf6 7. Qe2 c6 8. Nc3 Nbd7 9. Nf3 Ne4 10. Nxe4 dxe4 11. Nh2 f5 12. 0-0-0 e6 13. a3 b5 14. Bb4 Qd5 15. Bxf8 Rxf8 16. b3 Nb6 17. f3 a5 18. fxe4 fxe4 19. Rhf1 Rf6 20. Ng4 Rf5 21. Ne5 a4 22. c4 bxc4 23. bxc4 Qa5 24. Rxf5 exf5 25. Qb2 Rc8 26. Kb1 Qa6 27. Qb4 Nd7 28. Qd6 Qb7+ 29. Ka1 Nxe5 30. Qxe5+ Qe7 31. Qxe7+ Kxe7 32. Rb1 g5 33. Rb7+ Kf6 34. Kb2 Rd8 35. Kc3 f4 36. exf4 gxf4 37. Rb6 Kf5 38. Rb2 g5 39. Re2 Rb8 40. d5 cxd5 41. cxd5 f3 42. gxf3 exf3 43. Re1 Kf4 44. Kd4 f2 45. Re4+ Kf3 46. Re7 Rf8 47. d6 f1Q 48. d7 Qa1+ 49. Kd5 Rd8 50. Kc6 Qc3+ 51. Kb7 Kg3 52. Rh7 Qe5 53. Rh5 Rxd7+ 54. Kb6 Rd6+ 0-1

[Event "Bad Harzburg op 1st"]
[Site "Bad Harzburg"]
[Date "1999.11.26"]
[Round "4.22"]
[White "Riewe, Helmuth"]
[Black "Hoppe, Ronald"]
[Result "1/2-1/2"]
[WhiteElo "1238"]
[BlackElo "1143"]
[PlyCount "91"]
[EventDate "1999.11.24"]
[EventType "swiss"]
[EventRounds "7"]
[EventCountry "GER"]
[SourceTitle "EXT 2023"]
[Source "ChessBase"]
[SourceDate "2022.10.05"]
[SourceVersion "1"]
[SourceVersionDate "2022.10.05"]
[SourceQuality "1"]

1. d4 d5 2. e3 e6 3. Bd3 Nf6 4. Nd2 b6 5. b3 Bb7 6. Ngf3 Bd6 7. Bb2 Qe7 8. 0-0 Nbd7 9. Re1 a5 10. e4 Nxe4 11. Nxe4 dxe4 12. Bxe4 Bxe4 13. Rxe4 Nf6 14. Re2 0-0 15. c4 Ba3 16. Bc3 Bb4 17. Bb2 Ba3 18. Bc1 Bxc1 19. Qxc1 c6 20. a4 h6 21. Qc2 Rfe8 22. h3 Rac8 23. Rd1 Red8 24. g4 Nh7 25. Ne5 h5 26. f3 Qh4 27. Nxf7 hxg4 28. Nxd8 Rxd8 29. hxg4 Ng5 30. Rf1 Nh3+ 31. Kg2 Nf4+ 32. Kg1 Nxe2+ 33. Qxe2 Qg3+ 34. Kh1 Qh3+ 35. Kg1 Qg3+ 36. Kh1 Qh3+ 37. Kg1 Qg3+ 38. Qg2 Qxg2+ 39. Kxg2 Rxd4 40. Re1 Kf7 41. Re3 c5 42. Kg3 g5 43. Rc3 e5 44. Re3 Kf6 45. Rc3 Kf7 46. Re3 1/2-1/2

[Event "Bad Harzburg op 1st"]
[Site "Bad Harzburg"]
[Date "1999.11.25"]
[Round "3.20"]
[White "Toth, Hans Juergen"]
[Black "Riewe, Helmuth"]
[Result "1-0"]
[WhiteElo "1560"]
[BlackElo "1238"]
[PlyCount "162"]
[EventDate "1999.11.24"]
[EventType "swiss"]
[EventRounds "7"]
[EventCountry "GER"]
[SourceTitle "EXT 2023"]
[Source "ChessBase"]
[SourceDate "2022.10.05"]
[SourceVersion "1"]
[SourceVersionDate "2022.10.05"]
[SourceQuality "1"]

1. d4 d5 2. c4 dxc4 3. Nf3 c6 4. e3 b5 5. a4 e6 6. axb5 cxb5 7. b3 Bb4+ 8. Bd2 Bxd2+ 9. Nfxd2 Nf6 10. bxc4 bxc4 11. Bxc4 0-0 12. 0-0 Bb7 13. Nf3 Qc7 14. Nbd2 Nbd7 15. Rc1 Qa5 16. Qb3 Bxf3 17. Nxf3 Ne4 18. Qb7 Qd8 19. Qxe4 Nf6 20. Qb7 g6 21. Ne5 a5 22. Qb3 Qd6 23. Qa4 Ne4 24. Qc6 Qxc6 25. Nxc6 a4 26. Ba2 Kg7 27. Ne5 Rfc8 28. Nc4 Rab8 29. f3 Nf6 30. Rb1 Nd5 31. Rfc1 Rxb1 32. Bxb1 Nxe3 33. Ba2 Nd5 34. Kf2 Nb4 35. Bb1 a3 36. Ke3 a2 37. Bd3 Nd5+ 38. Kd2 Rb8 39. Ra1 Nb4 40. Ne3 Rd8 41. Kc3 Nxd3 42. Kxd3 e5 43. Nc2 exd4 44. Nxd4 Ra8 45. Ne2 Rd8+ 46. Kc2 Rc8+ 47. Nc3 Rc5 48. Rxa2 Rg5 49. Kd3 Re5 50. Kd4 Re6 51. Ra7 Rb6 52. Re7 Rb2 53. Ne2 Kf6 54. Re8 Kg7 55. Ke3 Rb3+ 56. Kf4 Rb4+ 57. Re4 Rb5 58. g4 Kf6 59. h4 h5 60. g5+ Kg7 61. Re8 Rb4+ 62. Kg3 Rb3 63. Nf4 Rb5 64. Nh3 Rb3 65. Nf2 Ra3 66. Ne4 Ra6 67. Nf6 Rxf6 68. gxf6+ Kxf6 69. Kf4 Kg7 70. Ke5 f6+ 71. Ke6 g5 72. hxg5 fxg5 73. Kf5 g4 74. fxg4 hxg4 75. Kxg4 Kf7 76. Re5 Kf6 77. Ra5 Ke6 78. Kf4 Kd6 79. Ke4 Kc6 80. Kd4 Kb6 81. Rc5 Kb7 1-0